|
|
|
|
| LEADER |
00000cas a2200000 4500 |
| 001 |
vtls012261354 |
| 003 |
SK-MaSNL |
| 005 |
20260228160535.0 |
| 008 |
240729c201u9999xo x 0 c0ukr |
| 015 |
|
|
|a SNBB2024-(r. 2022)
|
| 020 |
|
|
|a 9788055819556
|q (rok 2022 ; brožované)
|
| 040 |
|
|
|a SNK
|b slo
|c SNK
|e rda
|
| 041 |
1 |
|
|a ukr
|h slo
|
| 043 |
|
|
|a e-xo---
|
| 044 |
|
|
|a xo
|c SK
|
| 072 |
|
7 |
|a 378
|x Vysoké školy
|2 konspekt
|
| 080 |
|
|
|a 378.4
|2 2011
|
| 080 |
|
|
|a 378.096:37.01
|2 2011
|
| 080 |
|
|
|a (437.6)
|2 2011
|
| 080 |
|
|
|a (048.8)
|2 2011
|
| 080 |
|
|
|a (036)
|2 2011
|
| 110 |
2 |
|
|a Univerzita Konštantína Filozofa v Nitre.
|b Pedagogická fakulta
|4 aut
|4 pbl
|9 178350
|
| 245 |
1 |
0 |
|a Universytet imeni Kostjantyna Filosofa u Nitri. Pedahohičnyj fakuľtet
|
| 246 |
3 |
0 |
|a Pedahohičnyj fakuľtet
|
| 264 |
|
1 |
|a Nitra
|b Universytet imeni Konstjantyna Filosofa u Nitri, Pedahohičnyj fakuľtet
|
| 300 |
|
|
|b farebné fotografie
|c 21 cm
|
| 310 |
|
|
|a Nepravidelne
|
| 336 |
|
|
|a text
|b txt
|2 rdacontent
|
| 337 |
|
|
|a bez média
|b n
|2 rdamedia
|
| 338 |
|
|
|a zväzok
|b nc
|2 rdacarrier
|
| 500 |
|
|
|a Redaktor: 2022- , Recka Adriana
|
| 500 |
|
|
|a Preložené zo slovenčiny
|
| 588 |
|
|
|a Popis podľa: 2022
|
| 650 |
0 |
7 |
|a univerzity
|2 SNKPH
|9 22152
|
| 650 |
0 |
7 |
|a pedagogické fakulty
|2 SNKPH
|9 68198
|
| 650 |
0 |
7 |
|a štúdium a výučba
|2 SNKPH
|9 3982
|
| 650 |
0 |
7 |
|a Universities
|2 SNKPHeng
|9 265407
|
| 650 |
0 |
7 |
|a Faculties of education
|2 SNKPHeng
|9 266237
|
| 650 |
0 |
7 |
|a Study and teaching
|2 SNKPHeng
|9 265408
|
| 651 |
|
7 |
|a Nitra (Slovensko)
|2 SNKPHgeo
|9 15714
|
| 651 |
|
7 |
|a Nitra (Slovakia)
|2 SNKPHeng
|9 265425
|
| 655 |
|
7 |
|a prehľady
|2 SNKPH
|9 70194
|
| 655 |
|
7 |
|a informačné publikácie
|2 SNKPH
|9 70181
|
| 655 |
|
7 |
|a Surveys
|2 SNKPHeng
|9 266058
|
| 655 |
|
7 |
|a Information publications
|2 SNKPHeng
|9 265188
|
| 700 |
1 |
|
|a Récka, Adriana,
|d 1967-
|4 edt
|9 125711
|
| 775 |
0 |
|
|t Univerzita Konštantína Filozofa v Nitre. Pedagogická fakulta
|w vtls011725783
|
| 775 |
0 |
|
|t Constantine the Philosopher University in Nitra. Faculty of Education
|w vtls012261353
|
| 775 |
0 |
|
|t Universitet Konstantina Filosofa v Nitre. Pedagogičeskij fakuľtet
|w vtls012261357
|
| 919 |
|
|
|a 978-80-558-1955-6
|
| 999 |
|
|
|c 2914
|d 4844
|
| 952 |
|
|
|0 0
|1 0
|4 0
|7 0
|8 1
|a SNK
|b SNK
|d 2024-10-10
|i snk2024/15638
|l 0
|o snkČSC 4276/2022
|p 17A1524522
|r 2026-02-21 20:09:54
|w 2026-02-21
|y PREZ
|
| 952 |
|
|
|0 0
|1 0
|4 0
|7 0
|8 1
|a SNK
|b SNK
|d 2024-10-10
|i snk2024/15639
|l 0
|o snkČSC 4276/2022 D1
|p 17A1524523
|r 2026-02-21 20:09:54
|w 2026-02-21
|y PREZ
|